000 00491cam a22001932a 4500
001 003113
003 AR-FADEU
008 311216n1964####xxu####################dd
092 _a301.01
_bW375
100 _aWeber, Max
245 _aEconomía y sociedad : esbozo de sociología comprensiva
260 _aBuenos Aires
260 _bFondo de Cultura Económica
260 _c1964
300 _a2 v
440 _aSección de obra de sociología
650 _aSOCIOLOGIA
942 _cBDGR
999 _c8945
_d8945